| 000 | 00557 a2200217 4500 | ||
|---|---|---|---|
| 001 | 118801 | ||
| 020 | _a9780230010185 | ||
| 020 | _q(Broch.) | ||
| 041 | _aeng | ||
| 082 | _a[E] | ||
| 100 | _aShipton, Paul | ||
| 521 | _aYear 1 | ||
| 697 | _aLevel 4 | ||
| 856 | _u000032/00003275.jpg | ||
| 040 |
_aBR-BrIDEA _cBR-BrIDEA |
||
| 090 |
_aA Year 1 [E] _bSHI |
||
| 245 | 1 | 0 |
_aDogs _bthe big show _cPaul Shipton; illustrated by Andy Hammond, Red Giraffe |
| 260 |
_aOxford _bMacmillan Children's Readers _c2011 |
||
| 300 |
_a23 p. _bil. color |
||
| 942 | _cBK | ||
| 999 |
_c118801 _d118801 |
||